All studio songs by Sheena Ringo - Statistics

General Stats
  • This quiz has been taken 4 times
  • The average score is 37 of 141
Answer Stats
songs % Correct
Kabuki-cho No Joou -Queen Of Kabuki-cho-
100%
Koko De Kiss Shite -Kiss Me-
100%
Marunouchi Sadistic
100%
Tsumi To Batsu -Crime And Punishment-
100%
Honnou -Instinct-
75%
Ishiki -Consciously-
75%
Keikoku -Caution-
75%
Koufukuron -A View Of Happiness-
75%
Morphine
75%
Souretsu -Funeral-
75%
Tadashii Machi -Correct City-
75%
Yami Ni Furu Ame -A Driving Rain In Darkness-
75%
Yokushitsu -Bathroom-
75%
Ariamaru Tomi -The Invaluable-
50%
Carnation -L'œillet-
50%
cheers beer
50%
Doppelganger
50%
Gamble
50%
Gips
50%
Karisome Otome -Temporary Virgin-
50%
Kuki -Stem-
50%
Kyogenshou -I Am A Liar-
50%
La Salle de Bain
50%
Meisai -Camouflage-
50%
NIPPON
50%
Odaiji Ni -Please Take Care-
50%
Off-Line
50%
Okonomi De -As You Wish-
50%
Onaji Yoru -Ordinary Night-
50%
Poltergeists
50%
Ryuukou -Vogue-
50%
Shuukyou -Religion-
50%
Sid To Hakuchuumu -Sid & Daydreams-
50%
The Narrow Way
50%
Tsumiki-Asobi -Playing With Blocks-
50%
Yer Blues
50%
A Double Suicide
25%
Akane Sasu Kiro Terasaredo... -When It Begins To Get Dark...-
25%
A Life Supreme
25%
Arikitarino Onna -Une Femme Ordinaire-
25%
as a human
25%
Benkai Debussy -Excuse Debussy-
25%
Black Orpheus -Orfeu Negro-
25%
Cappuccino
25%
¿Dónde Quiere Estar Mi Alma Viajera? -I Want To See The Farthest Ends-
25%
Flight JL005
25%
FRDP
25%
Girl Robot
25%
Hatsukoi Shoujo -Firstlove Singer-
25%
Ich Liebe Dich Op. 5 No. 3
25%
Identity
25%
In A Whirlwind
25%
In Summer, Night
25%
Irohanihoheto -Les Couleurs Chantent-
25%
Irokoizata -Excitement-
25%
Izonshou -I Am An Addict-
25%
je suis libre
25%
Jinsei Wa Yume Darake -Ma Vie, Mes Rêves-
25%
Jiyu-Dom
25%
Jiyuu E Michizure -Collateral Damage-
25%
Kono Yo No Kagiri -Memory-
25%
Leading Lady
25%
Mangos
25%
Manipulate The Time
25%
Mayakashi Yasaotoko -Fake Fellow-
25%
Oiran -Courtesan-
25%
Oishii Kisetsu -The Creamy Season-
25%
Present
25%
Private
25%
Sakana -Titbits-
25%
Sakuran -Confusion-
25%
Shun -Season-
25%
Splendid Counterattack
25%
sun and moon
25%
The Adult Code
25%
The Main Street
25%
The Onion Song
25%
Torikoshi Kurou -Worrying Unnecessarily-
25%
Tsugou No Ii Karada -The Leading Hitter-
25%
Yatsutsuke Shigoto -Rush Job-
25%
Yume No Ato -A Scar Of Dreams-
25%
1RKO
0%
A Decisive 3 Minutes
0%
a grand triumphant return
0%
a procession of the living
0%
Autumn Leaves
0%
Bonsai Hada -Ordinary Ability-
0%
bye purity
0%
Byoushou Public -Sickbed Public-
0%
Chiisana Konomi
0%
closed truth
0%
Cruzar A Linha Do Equador
0%
Ego-ism
0%
Elopers
0%
Fortune Hill Road
0%
Futari-Bocchi Jikan -Just The Two Of Us-
0%
Gate Of Hades
0%
Gate Of Living
0%
God, Nor Buddha
0%
Haiiro No Hitomi -Aquellos Ojos Grises-
0%
I Wanna Be Loved By You
0%
I Won't Last A Day Without You
0%
Jazz A Go Go
0%
Komoriuta
0%
La Solitude de l'aube
0%
Le Célèbre Chat Voleur
0%
Le Moment
0%
Le Vœu D'amour
0%
Love Is Blind
0%
Midsummer Fugitives
0%
Mittei Monogatari -Clandestine-
0%
Momenno Handkerchief
0%
More
0%
Mr. Wonderful
0%
Nobara -Heidenroslein-
0%
offering sake
0%
open secret
0%
Paisaje
0%
Princesse Quotidienne
0%
Quiet Counterattack
0%
Roudousha -Blue Collar-
0%
Shiroi Kobato
0%
Starting Over
0%
Stoicism
0%
The Heavy Metallic Girl
0%
The Wild Union
0%
Togatta Teguchi -Sharp Practice-
0%
toogood
0%
To Rock Bottom
0%
To That Ocean Of Trees
0%
Tsuki Ni Makeinu -A Broken Man And Moonlight-
0%
Umbrella
0%
Victims
0%
Yokyou -Alone-
0%
Zero Chiten Kara
0%
No matching quizzes found
Score Distribution
Percent of People with Each Score
Percentile by Number Answered
Your Score History
You have not taken this quiz